|
|
|
|
| LEADER |
00000nam0a2200000 4500 |
| 001 |
329384 |
| 005 |
20231102004145.0 |
| 035 |
|
|
|a (RuTPU)RU\TPU\book\355144
|
| 090 |
|
|
|a 329384
|
| 100 |
|
|
|a 20170314d1929 k y0rusy50 ca
|
| 101 |
0 |
|
|a rus
|
| 102 |
|
|
|a RU
|
| 105 |
|
|
|a a z 001zy
|
| 200 |
1 |
|
|a Электрическая разведка полезных ископаемых по методу измерения переменных магнитных полей
|f В. К. Фредерикс
|g СССР, Геологический комитет (Геолком)
|
| 210 |
|
|
|a Ленинград
|c Издание Геологического комитета
|d 1929
|
| 215 |
|
|
|a 137 с.
|c ил.
|
| 225 |
1 |
|
|a Материалы по общей и прикладной геологии
|v Вып. 132
|
| 225 |
1 |
|
|a Серия работ по методике разведок и геофизике
|v № 5
|
| 320 |
|
|
|a Библиогр. в примеч.
|
| 606 |
1 |
|
|a Электроразведка
|x Метод
|2 stltpush
|3 (RuTPU)RU\TPU\subj\20751
|9 45832
|
| 610 |
1 |
|
|a электрическая разведка
|
| 610 |
1 |
|
|a полезные ископаемые
|
| 610 |
1 |
|
|a переменные магнитные поля
|
| 610 |
1 |
|
|a метод двух рамок
|
| 610 |
1 |
|
|a рудные участки
|
| 610 |
1 |
|
|a библиотека М. А. Усова
|
| 675 |
|
|
|a 550.837
|v 4
|
| 700 |
|
1 |
|a Фредерикс
|b В. К.
|
| 712 |
0 |
1 |
|a СССР
|b Геологический комитет (Геолком)
|c (1922-1930)
|2 stltpush
|3 (RuTPU)RU\TPU\col\18484
|
| 801 |
|
1 |
|a RU
|b 63413507
|c 20170314
|
| 801 |
|
2 |
|a RU
|b 63413507
|c 20190125
|g RCR
|
| 942 |
|
|
|c BK
|